Effect of some cultural practices on the growth and yield of the medicinal plant Solanum virginianum schrad (Katuwelbatu) (Record no. 58143)

MARC details
000 -LEADER
fixed length control field 01714nam a2200205Ia 4500
100 ## - MAIN ENTRY--AUTHOR NAME
Personal name Pathiratna L S S
245 #0 - TITLE STATEMENT
Title Effect of some cultural practices on the growth and yield of the medicinal plant Solanum virginianum schrad (Katuwelbatu)
260 ## - PUBLICATION, DISTRIBUTION, ETC. (IMPRINT)
Name of publisher Ceylon Journal of Science (Bio.Sci)
Year of publication 2004
300 ## - PHYSICAL DESCRIPTION
Number of Pages 75-80
520 ## - SUMMARY, ETC.
Summary, etc Experiments were conducted to study the effect of inorganic, organic and combined inorgaic + organic fertilizer and natural shade under Gliricidia on the growth and dry matter (DM) yield of the medicinal plant Solanum virginianum schrad. The yield of total dry matter and of different plant parts were also studied in plants harvested at 70, 90 and 110 days after establishment. Application of cow dung as organic fertilizer as the basal at a rate of 15,000 kg/ha plus a dose of inorganic fertilizer (12:9:8 N:P:K) at a rate of 200 kg/ha after one month gave the highest DM yields compared to organic fertilizer only at the rate of 25,000 kg/ha or inorganic fertilizer only at the rate of 400kg/ha both as basal. The type of the fertilizer package used also affected the composition of leaves, stems and berries in plants. DM yields were low in plants harvested at 70 days. Higher DM yields obtained from plants harvested at 90 and 110 days were mostly due to the presence of more berries. Shade always reduced the DM yield of plants and the reductions were 40.6;and 57.6;under 58.0;and 45.0;available light respectively.
650 ## - SUBJECT ADDED ENTRY--TOPICAL TERM
Topical Term Dry matter
650 ## - SUBJECT ADDED ENTRY--TOPICAL TERM
Topical Term Harvesting time
650 ## - SUBJECT ADDED ENTRY--TOPICAL TERM
Topical Term Shade
650 ## - SUBJECT ADDED ENTRY--TOPICAL TERM
Topical Term Solanum virginianum
700 ## - ADDED ENTRY--PERSONAL NAME
Personal name Joseph K D S M
700 ## - ADDED ENTRY--PERSONAL NAME
Personal name Perera M K P
856 ## - ELECTRONIC LOCATION AND ACCESS
Uniform Resource Identifier Copy
942 ## - ADDED ENTRY ELEMENTS (KOHA)
Koha item type Journals
Holdings
Withdrawn status Lost status Damaged status Not for loan Home library Current library Shelving location Date acquired Serial Enumeration / chronology Koha item type
      Journals RRII Library RRII Library Botany 26/09/2006 Volume 32, Issue .. Journals